Law And Procedure Of Departmental Enquiries(in Private &Public Sectors) (Record no. 15631)
[ view plain ]
| 000 -LEADER | |
|---|---|
| fixed length control field | 00489nam a22001577a 4500 |
| 008 - FIXED-LENGTH DATA ELEMENTS--GENERAL INFORMATION | |
| fixed length control field | 160210b xxu||||| |||| 00| 0 eng d |
| 020 ## - INTERNATIONAL STANDARD BOOK NUMBER | |
| International Standard Book Number | 9350286653 |
| 100 ## - MAIN ENTRY--PERSONAL NAME | |
| Personal name | Verma,J.K. |
| 245 ## - TITLE STATEMENT | |
| Title | Law And Procedure Of Departmental Enquiries(in Private &Public Sectors) |
| Statement of responsibility, etc. | J.K.Verma |
| 250 ## - EDITION STATEMENT | |
| Edition statement | 4rd edth |
| 260 ## - PUBLICATION, DISTRIBUTION, ETC. (IMPRINT) | |
| Place of publication, distribution, etc. | New Delhi |
| Name of publisher, distributor, etc. | Eastern Book Company |
| Date of publication, distribution, etc. | 2012 |
| 300 ## - PHYSICAL DESCRIPTION | |
| Extent | xxxii,2182p. |
| 650 ## - SUBJECT ADDED ENTRY--TOPICAL TERM | |
| Topical term or geographic name as entry element | Civil Services |
| Geographic subdivision | India |
| 650 ## - SUBJECT ADDED ENTRY--TOPICAL TERM | |
| Topical term or geographic name as entry element | Labor laws and legislation |
| Geographic subdivision | India |
| 942 ## - ADDED ENTRY ELEMENTS (KOHA) | |
| Source of classification or shelving scheme | Library of Congress Classification |
| Koha item type | General Collection |
| Edition | 4rd ed |
| Withdrawn status | Lost status | Source of classification or shelving scheme | Not for loan | Home library | Current library | Shelving location | Date acquired | Cost, normal purchase price | Total Checkouts | Full call number | Barcode | Date last seen | Price effective from | Koha item type |
|---|---|---|---|---|---|---|---|---|---|---|---|---|---|---|
| Library of Congress Classification | Kabarak, Main Campus | Kabarak, Main Campus | General Stacks | 10/02/2016 | 4750.00 | KNS 2408.G43 2012 C.1 | 016790 | 10/02/2016 | 10/02/2016 | General Collection |